| Поле | Инд. | ПП | Название | Значение |
|---|---|---|---|---|
| Тип записи | a | |||
| Библиографический уровень | b | |||
| 001 | Контрольный номер | RU/IS/BASE/218197847 | ||
| 005 | Дата корректировки | 20200522191050.3 | ||
| 008 | Кодируемые данные | 20061130 | ||
| 040 | b | Код языка каталог. | rus | |
| e | Правила каталог. | PSBO | ||
| 041 | 0_ | a | Код языка текста | rus |
| 084 | a | Индекс другой классификации/Индекс ББК | 63.3(4Пол)51-6; 63.3(2)44-6; 63.3(2)45-6 | |
| 100 | 1_ | a | Автор | Граля И. |
| q | Полное имя | Граля Иероним | ||
| 245 | 10 | a | Заглавие | Утраченные иллюзии |
| c | Ответственность | Бес. Ю. Борисенка | ||
| 520 | a | Аннотация | В беседе Иероним Граля, директор Польского культурного центра в Москве, известный историк, подробно освещает вопросы: в чем причины того, что в XVII веке в итоге геополитического соперничества Варшава и Вильно стали проигравшей стороной, благодаря чему Россия за короткий срок превратилась в очень крепкое государство. В ходе рассуждения он касается и других вопросов истории польско-русских отношений | |
| 650 | a | Основная рубрика | внешняя политика | |
| a | Основная рубрика | история | ||
| a | Основная рубрика | международные отношения | ||
| 653 | 1_ | a | Ключевые слова | XVII век |
| a | Ключевые слова | история международных отношений | ||
| a | Ключевые слова | казаки | ||
| a | Ключевые слова | казачьи войска | ||
| a | Ключевые слова | Польша | ||
| a | Ключевые слова | Речь Посполита | ||
| a | Ключевые слова | Россия | ||
| a | Ключевые слова | русско-польские отношения | ||
| a | Ключевые слова | Смутное время | ||
| 700 | 1_ | a | Автор | Борисенок Ю. |
| e | Роль лиц | автор беседы | ||
| 773 | 0_ | t | Заглавие источника | Родина |
| d | Дата издания источника | 2006 | ||
| g | Прочая информация | № 11. - С. 24 - 26 : ил. | ||
| w | Контрольный № источника | RU/IS/BASE/216311188 | ||
| 901 | t | Тип документа | b |